[Event "4th Torneo del Vino"]
[Site "Montilla ESP"]
[Date "1974.08.21"]
[Round "2"]
[White "Kavalek, Lubomir"]
[Black "Ribli, Zoltan"]
[Result "1/2-1/2"]
[WhiteElo "2625"]
[BlackElo "2525"]
[EventDate "1974.09.20"]
[PlyCount "77"]

1.d4 Nf6 2.c4 e6 3.Nc3 Bb4 4.e3 O-O 5.Ne2 d5 6.a3 Be7 7.cxd5 exd5 8.Nf4 c6
9.Bd3 Re8 10.O-O Nbd7 11.f3 Nf8 12.Bd2 Bd6 13.g3 Ne6 14.Nce2 a5 15.Qc2 Bd7
16.e4 Qb6 17.Nxe6 Bxe6 18.Bf4 Bxf4 19.gxf4 dxe4 20.fxe4 Bb3 21.Qb1 Rad8 
22.Rf3 g6 23.Kh1 c5 24.dxc5 Qxc5 25.Nc3 Bc4 26.Bxc4 Qxc4 27.e5 Qc6 28.Qf1 
Ng4 29.Qg2 Rd2 30.Qxd2 Qxf3+ 31.Kg1 f6 32.Qd5+ Qxd5 33.Nxd5 Rd8 34.Rd1 Kf7
35.h3 Nh6 36.exf6 Ng8 37.Nc3 Rxd1+ 38.Nxd1 Nxf6 39.Kf2 1/2-1/2

[Event "4th Torneo del Vino"]
[Site "Montilla ESP"]
[Date "1974.08.21"]
[Round "2"]
[White "Keene, Raymond Dennis"]
[Black "Quinteros, Miguel Angel"]
[Result "0-1"]
[WhiteElo "2505"]
[BlackElo "2510"]
[EventDate "1974.09.20"]
[PlyCount "66"]

1.Nf3 g6 2.c4 Bg7 3.d4 d6 4.g3 Nf6 5.Bg2 O-O 6.O-O c6 7.Nc3 a6 8.d5 Nbd7 
9.e4 cxd5 10.cxd5 Nc5 11.Nd4 Qb6 12.Nc2 Ng4 13.h3 Ne5 14.b4 Ncd3 15.Be3 
Qc7 16.Na4 b5 17.Nb6 Rb8 18.Nxc8 Rfxc8 19.Nd4 Nxb4 20.Qb1 Ned3 21.a3 Bxd4 
22.Bxd4 Nc2 23.Ra2 Nxd4 24.Qxd3 Qc4 25.Rd2 Qxd3 26.Rxd3 Ne2+ 27.Kh2 Rc2 
28.f4 Rbc8 29.Rf2 Nc1 30.Rdd2 Rxd2 31.Rxd2 Rc3 32.e5 Kf8 33.Bf1 Rxa3 0-1

[Event "4th Torneo del Vino"]
[Site "Montilla ESP"]
[Date "1974.08.21"]
[Round "2"]
[White "Radulov, Ivan"]
[Black "Parma, Bruno"]
[Result "1-0"]
[WhiteElo "2490"]
[BlackElo "2510"]
[EventDate "1974.09.20"]
[PlyCount "207"]

1.e4 d6 2.d4 Nf6 3.Nc3 g6 4.f4 Bg7 5.Nf3 O-O 6.Be3 c5 7.dxc5 Qa5 8.Bd3 
dxc5 9.e5 Nd5 10.Bd2 Nb4 11.Bc4 Qd8 12.a3 N4c6 13.Be3 b6 14.Qxd8 Rxd8 15.
Ng5 e6 16.Nge4 h6 17.Nb5 Na5 18.Be2 Nbc6 19.Nbd6 Nb7 20.O-O-O Nxd6 21.Nxd6
Rb8 22.Bf3 Ne7 23.Rd2 Kf8 24.Rhd1 Nf5 25.Nxc8 Rxd2 26.Rxd2 Rxc8 27.Bf2 g5 
28.Rd7 gxf4 29.Bh5 Ne7 30.Bh4 Ng6 31.Bf6 Nxe5 32.Bxe5 Bxe5 33.Rxf7+ Kg8 
34.Rxa7 f3 35.Bxf3 Bxh2 36.Re7 Rd8 37.Rxe6 Rd6 38.Re7 Kf8 39.Rb7 Ke8 40.c3
Bf4+ 41.Kc2 Kd8 42.a4 Rd2+ 43.Kb1 Bc7 44.Ra7 Kc8 45.Ra8+ Bb8 46.a5 bxa5 
47.Rxa5 Bd6 48.Ra7 Bc7 49.Ra6 Bd6 50.Kc1 Bf4 51.Rf6 Bg5 52.Rc6+ Kd7 53.Kb1
Be3 54.Rg6 Rd6 55.Rg7+ Kd8 56.Kc2 Rd2+ 57.Kb3 Rf2 58.Rb7 Bc1 59.Ka2 Be3 
60.Kb1 Rf1+ 61.Ka2 Rf2 62.Rb6 Kc7 63.Rb5 Kd7 64.Kb3 Bc1 65.Rxc5 Rxb2+ 66.
Kc4 Rb6 67.Rf5 Ke7 68.Kd3 Rd6+ 69.Kc2 Be3 70.c4 Rg6 71.Re5+ Re6 72.Rb5 Kd6
73.Rd5+ Kc7 74.Rf5 Kd6 75.Rd5+ Kc7 76.Kd3 Bf4 77.Rf5 Rd6+ 78.Bd5 Bg5 79.c5
Rf6 80.Re5 Rf2 81.Bf3 Rd2+ 82.Kc4 Rc2+ 83.Kb3 Rb2+ 84.Kc4 Rc2+ 85.Kd5 Rd2+
86.Ke6 Rd7 87.Rf5 Re7+ 88.Kd5 Rd7+ 89.Kc4 Rd2 90.c6 Rc2+ 91.Kd3 Rc1 92.
Rf7+ Kb6 93.Kd4 Bd8 94.Rb7+ Ka5 95.Kd5 Rc2 96.Kd6 Bb6 97.Rh7 Be3 98.Kd7 
Kb6 99.Kc8 Bf4 100.Rb7+ Ka6 101.Be4 Rc3 102.c7 Rc1 103.Bd3+ Ka5 104.Kd8 
1-0

[Event "4th Torneo del Vino"]
[Site "Montilla ESP"]
[Date "1974.08.22"]
[Round "3"]
[White "Ribli, Zoltan"]
[Black "Radulov, Ivan"]
[Result "1/2-1/2"]
[WhiteElo "2525"]
[BlackElo "2490"]
[EventDate "1974.09.20"]
[PlyCount "40"]

1.c4 Nf6 2.Nc3 e6 3.d4 d5 4.Bg5 Be7 5.e3 O-O 6.Rc1 Nbd7 7.Nf3 c6 8.Bd3 h6 
9.Bh4 Ne8 10.Bxe7 Qxe7 11.Qc2 dxc4 12.Bxc4 e5 13.O-O Nd6 14.Bb3 e4 15.Nd2 
Nf6 16.Rce1 Be6 17.f3 Bxb3 18.Qxb3 Rae8 19.Re2 Qe6 20.Qc2 Re7 1/2-1/2

[Event "4th Torneo del Vino"]
[Site "Montilla ESP"]
[Date "1974.08.24"]
[Round "4"]
[White "Diez del Corral Rivas, Jesus"]
[Black "Ribli, Zoltan"]
[Result "1-0"]
[WhiteElo "2515"]
[BlackElo "2525"]
[EventDate "1974.09.20"]
[PlyCount "53"]

1.d4 Nf6 2.c4 g6 3.Nc3 d5 4.Nf3 Bg7 5.Qb3 dxc4 6.Qxc4 O-O 7.e4 a6 8.Qb3 b5
9.Be2 Bb7 10.e5 Ne4 11.O-O Nxc3 12.bxc3 c5 13.Ba3 Bd5 14.c4 bxc4 15.Bxc4 
Bxc4 16.Qxc4 cxd4 17.Rad1 Nd7 18.Rxd4 Rc8 19.Qd3 Nxe5 20.Nxe5 Qb6 21.Rd5 
Qe6 22.Re1 Rfe8 23.Bb4 Qb6 24.a3 a5 25.Bxa5 Qb2 26.Rb5 Qa2 27.h3 1-0

[Event "4th Torneo del Vino"]
[Site "Montilla ESP"]
[Date "1974.08.25"]
[Round "5"]
[White "Radulov, Ivan"]
[Black "Diez del Corral Rivas, Jesus"]
[Result "1-0"]
[WhiteElo "2490"]
[BlackElo "2515"]
[EventDate "1974.09.20"]
[PlyCount "65"]

1.e4 c5 2.Nf3 Nc6 3.d4 cxd4 4.Nxd4 Nf6 5.Nc3 d6 6.Bg5 e6 7.Qd2 Be7 8.O-O-O
O-O 9.f4 e5 10.Nf5 Bxf5 11.exf5 Rc8 12.Kb1 Re8 13.Be2 e4 14.Rhe1 Qb6 15.
Bc4 Qc5 16.Bxf6 e3 17.Rxe3 Bxf6 18.Ne4 Qd4 19.Qxd4 Bxd4 20.Ree1 Bc5 21.c3 
a5 22.Nxc5 Rxe1 23.Rxe1 dxc5 24.Rd1 Rd8 25.Rxd8+ Nxd8 26.Kc2 Kf8 27.Kb3 b6
28.Bd5 Ke7 29.Ka4 Kd6 30.Be4 Kc7 31.Kb5 f6 32.Bd5 Kd6 33.c4 1-0

[Event "4th Torneo del Vino"]
[Site "Montilla ESP"]
[Date "1974.08.26"]
[Round "6"]
[White "Pfleger, Helmut"]
[Black "Ribli, Zoltan"]
[Result "1-0"]
[WhiteElo "2535"]
[BlackElo "2525"]
[EventDate "1974.09.20"]
[PlyCount "65"]

1.d4 Nf6 2.g3 c5 3.d5 d6 4.Bg2 g6 5.c4 Bg7 6.Nc3 O-O 7.Nf3 Na6 8.O-O Nc7 
9.e4 b5 10.cxb5 Rb8 11.a4 a6 12.e5 Nd7 13.exd6 exd6 14.Bf4 Nf6 15.Qb3 axb5
16.axb5 Ba6 17.b6 Bxf1 18.Bxf1 Na8 19.b7 Nc7 20.Ra7 Re8 21.Nd2 Bf8 22.Qc4 
Nd7 23.Qa4 Nf6 24.Qc6 h6 25.Nc4 Ne4 26.Nxe4 Rxe4 27.Bxd6 Bxd6 28.Nxd6 Rb4 
29.Bc4 Qe7 30.b3 Ne8 31.Nxe8 Qe1+ 32.Bf1 Qxe8 33.Ra8 1-0

[Event "4th Torneo del Vino"]
[Site "Montilla ESP"]
[Date "1974.08.28"]
[Round "7"]
[White "Diez del Corral Rivas, Jesus"]
[Black "Keene, Raymond Dennis"]
[Result "1/2-1/2"]
[WhiteElo "2515"]
[BlackElo "2505"]
[EventDate "1974.09.20"]
[PlyCount "93"]

1.e4 e6 2.d4 d5 3.Nc3 Bb4 4.e5 c5 5.a3 Bxc3+ 6.bxc3 Qc7 7.Qg4 f6 8.Nf3 Nc6
9.Bb5 Qf7 10.O-O Ne7 11.a4 Bd7 12.Ba3 f5 13.Qf4 c4 14.Bd6 h6 15.Rab1 a6 
16.Bxc6 Bxc6 17.Qc1 Nc8 18.Qa3 Qd7 19.a5 Na7 20.Nh4 Qf7 21.Rb6 g5 22.Nf3 
Nb5 23.Qc5 Qd7 24.Qb4 f4 25.Qb2 O-O-O 26.Qb4 g4 27.Nh4 Rhg8 28.Be7 Rde8 
29.Bf6 Kb8 30.g3 f3 31.Rb1 Ka8 32.Re1 Qh7 33.Qb2 Na7 34.h3 h5 35.Rb1 Bb5 
36.Qc1 Nc8 37.R6xb5 axb5 38.Rxb5 Qd7 39.Qb2 Na7 40.Rb6 Nc8 41.Qb4 Nxb6 42.
axb6 Kb8 43.Qa5 Qc6 44.Kh1 Kc8 45.Kh2 Kd7 46.Qb4 Kc8 47.Qa5 1/2-1/2

[Event "4th Torneo del Vino"]
[Site "Montilla ESP"]
[Date "1974.08.29"]
[Round "8"]
[White "Andersson, Ulf"]
[Black "Parma, Bruno"]
[Result "1/2-1/2"]
[WhiteElo "2580"]
[BlackElo "2510"]
[EventDate "1974.09.20"]
[PlyCount "158"]

1.c4 c5 2.b3 Nf6 3.Bb2 e6 4.Nf3 d5 5.e3 Be7 6.cxd5 exd5 7.Be2 O-O 8.O-O 
Nc6 9.d4 Ne4 10.dxc5 Bxc5 11.Nc3 Ba3 12.Bxa3 Nxc3 13.Qc2 Nxe2+ 14.Qxe2 Re8
15.Qd3 Bg4 16.Nd4 Bd7 17.Bb2 Qg5 18.Rfd1 Nxd4 19.Qxd4 Bc6 20.Rd2 a6 21.Re1
Re4 22.Qc5 Qe7 23.Qxe7 Rxe7 24.Rc1 Ree8 25.h3 Rac8 26.Rdc2 Bd7 27.Rc5 Rxc5
28.Rxc5 Bc6 29.a4 f6 30.Bd4 Kf7 31.Ra5 Ke6 32.b4 Bd7 33.b5 axb5 34.axb5 
Rc8 35.b6 Rc1+ 36.Kh2 Rc2 37.Ra7 Bc8 38.Ra8 Bd7 39.Rg8 Kf7 40.Rb8 Bc6 41.
Kg3 Kg6 42.Kf3 h5 43.g4 h4 44.Rh8 Bd7 45.Rxh4 Rc8 46.Kg3 Be6 47.Rh5 Kf7 
48.f3 Re8 49.Kf2 Ra8 50.Ke2 Rd8 51.Kd2 Re8 52.Kc3 Rc8+ 53.Kb3 Rc6 54.Rh8 
Rc8 55.Rh4 Kg6 56.Ka3 Kf7 57.Rh5 Kg6 58.f4 Kf7 59.Rh4 Bd7 60.Kb4 Rc4+ 61.
Kb3 Rc8 62.Ka3 Bb5 63.Rh5 Rd8 64.Kb4 Be2 65.Rh4 Rc8 66.Bc5 Bf3 67.Bd4 Be2 
68.g5 f5 69.Rh7 Rg8 70.Kc5 Kg6 71.Rxg7+ Rxg7 72.Bxg7 Kxg7 73.Kxd5 Kf7 74.
h4 Bd3 75.h5 Bc2 76.h6 Kg6 77.Ke6 Bd3 78.Ke7 Be4 79.Kf8 Bd5 1/2-1/2

[Event "4th Torneo del Vino"]
[Site "Montilla ESP"]
[Date "1974.08.29"]
[Round "8"]
[White "Quinteros, Miguel Angel"]
[Black "Ribli, Zoltan"]
[Result "0-1"]
[WhiteElo "2495"]
[BlackElo "2525"]
[EventDate "1974.09.20"]
[PlyCount "48"]

1.d4 Nf6 2.c4 e6 3.Nc3 Bb4 4.Qc2 c5 5.dxc5 O-O 6.Bf4 Na6 7.a3 Bxc3+ 8.Qxc3
Ne4 9.Qd4 Naxc5 10.Rd1 d5 11.b4 Na4 12.f3 Nec3 13.Rd3 f6 14.Bd2 e5 15.Qh4 
d4 16.e3 Bf5 17.Bxc3 Nxc3 18.Rd2 dxe3 19.Rxd8 Raxd8 20.Be2 Rd2 21.g4 Bd3 
22.Kf1 Nxe2 23.Nxe2 Rxe2 24.Kg1 Rd8 0-1

[Event "4th Torneo del Vino"]
[Site "Montilla ESP"]
[Date "1974.08.30"]
[Round "9"]
[White "Radulov, Ivan"]
[Black "Quinteros, Miguel Angel"]
[Result "1/2-1/2"]
[WhiteElo "2490"]
[BlackElo "2495"]
[EventDate "1974.09.20"]
[PlyCount "38"]

1.e4 c5 2.Nf3 e6 3.d4 cxd4 4.Nxd4 Nf6 5.Nc3 d6 6.g4 a6 7.g5 Nfd7 8.Bg2 Nc6
9.O-O Be7 10.h4 h6 11.gxh6 Nxd4 12.Qxd4 Bf6 13.Qxd6 gxh6 14.Bf4 Bxh4 15.
Rad1 Be7 16.Qd4 Rg8 17.e5 Bc5 18.Qd2 b5 19.Ne4 Qc7 1/2-1/2